<?xml version="1.0" encoding="UTF-8"?>
<record
    xmlns:xsi="http://www.w3.org/2001/XMLSchema-instance"
    xsi:schemaLocation="http://www.loc.gov/MARC21/slim http://www.loc.gov/standards/marcxml/schema/MARC21slim.xsd"
    xmlns="http://www.loc.gov/MARC21/slim">

  <leader>00486    a2200169   4500</leader>
  <controlfield tag="005">20250610163555.0</controlfield>
  <datafield tag="020" ind1=" " ind2=" ">
    <subfield code="a">978-1-4737-7895-5</subfield>
  </datafield>
  <datafield tag="082" ind1=" " ind2=" ">
    <subfield code="a">330.024 HIR</subfield>
  </datafield>
  <datafield tag="100" ind1=" " ind2=" ">
    <subfield code="a">HIRSCHEY, M.</subfield>
  </datafield>
  <datafield tag="245" ind1=" " ind2=" ">
    <subfield code="a">Managerial Economics.</subfield>
  </datafield>
  <datafield tag="250" ind1=" " ind2=" ">
    <subfield code="a">16th Ed</subfield>
  </datafield>
  <datafield tag="260" ind1=" " ind2=" ">
    <subfield code="a">Australia,</subfield>
    <subfield code="b">Cengage,</subfield>
    <subfield code="c">2022.</subfield>
  </datafield>
  <datafield tag="300" ind1=" " ind2=" ">
    <subfield code="a">xiv, 800p.: ill.; figure, table</subfield>
    <subfield code="b">Index</subfield>
    <subfield code="c">25cm.</subfield>
  </datafield>
  <datafield tag="700" ind1=" " ind2=" ">
    <subfield code="a">BENTZEN, E. &amp; SCHEIBYE, C.</subfield>
  </datafield>
  <datafield tag="856" ind1=" " ind2=" ">
    <subfield code="y">Access Online Book</subfield>
    <subfield code="f">Managerial Economics</subfield>
    <subfield code="d">www.cengage.co.uk.</subfield>
  </datafield>
  <datafield tag="942" ind1=" " ind2=" ">
    <subfield code="2">ddc</subfield>
    <subfield code="c">BKS</subfield>
  </datafield>
  <datafield tag="999" ind1=" " ind2=" ">
    <subfield code="c">3655</subfield>
    <subfield code="d">3655</subfield>
  </datafield>
  <datafield tag="952" ind1=" " ind2=" ">
    <subfield code="r">2025-06-10 16:38:08</subfield>
    <subfield code="l">0</subfield>
    <subfield code="o">330.024 HIR</subfield>
    <subfield code="p">00000012537</subfield>
    <subfield code="v">463779.00</subfield>
    <subfield code="w">2025-06-10</subfield>
    <subfield code="y">BKS</subfield>
    <subfield code="1">0</subfield>
    <subfield code="2">ddc</subfield>
    <subfield code="4">0</subfield>
    <subfield code="7">0</subfield>
    <subfield code="0">0</subfield>
    <subfield code="a">CBEML</subfield>
    <subfield code="b">CBEML</subfield>
    <subfield code="c">GEN</subfield>
    <subfield code="d">2024-09-17</subfield>
    <subfield code="g">154593.00</subfield>
  </datafield>
  <datafield tag="952" ind1=" " ind2=" ">
    <subfield code="r">2025-06-10 16:38:08</subfield>
    <subfield code="l">0</subfield>
    <subfield code="o">330.024 HIR</subfield>
    <subfield code="p">00000012538</subfield>
    <subfield code="v">463779.00</subfield>
    <subfield code="w">2025-06-10</subfield>
    <subfield code="y">BKS</subfield>
    <subfield code="1">0</subfield>
    <subfield code="2">ddc</subfield>
    <subfield code="4">0</subfield>
    <subfield code="7">0</subfield>
    <subfield code="0">0</subfield>
    <subfield code="a">CBEML</subfield>
    <subfield code="b">CBEML</subfield>
    <subfield code="c">GEN</subfield>
    <subfield code="d">2024-09-17</subfield>
    <subfield code="g">154593.00</subfield>
  </datafield>
  <datafield tag="952" ind1=" " ind2=" ">
    <subfield code="r">2025-06-10 16:38:08</subfield>
    <subfield code="l">0</subfield>
    <subfield code="o">330.024 HIR</subfield>
    <subfield code="p">00000012539</subfield>
    <subfield code="v">463779.00</subfield>
    <subfield code="w">2025-06-10</subfield>
    <subfield code="y">BKS</subfield>
    <subfield code="1">0</subfield>
    <subfield code="2">ddc</subfield>
    <subfield code="4">0</subfield>
    <subfield code="7">0</subfield>
    <subfield code="0">0</subfield>
    <subfield code="a">CBEML</subfield>
    <subfield code="b">CBEML</subfield>
    <subfield code="c">GEN</subfield>
    <subfield code="d">2024-09-17</subfield>
    <subfield code="g">154593.00</subfield>
  </datafield>
  <datafield tag="952" ind1=" " ind2=" ">
    <subfield code="r">2025-06-10 16:38:08</subfield>
    <subfield code="l">0</subfield>
    <subfield code="o">330.024 HIR</subfield>
    <subfield code="p">00000012540</subfield>
    <subfield code="v">463779.00</subfield>
    <subfield code="w">2025-06-10</subfield>
    <subfield code="y">BKS</subfield>
    <subfield code="1">0</subfield>
    <subfield code="2">ddc</subfield>
    <subfield code="4">0</subfield>
    <subfield code="7">0</subfield>
    <subfield code="0">0</subfield>
    <subfield code="a">CBEML</subfield>
    <subfield code="b">CBEML</subfield>
    <subfield code="c">GEN</subfield>
    <subfield code="d">2024-09-17</subfield>
    <subfield code="g">154593.00</subfield>
  </datafield>
  <datafield tag="952" ind1=" " ind2=" ">
    <subfield code="r">2025-06-10 16:38:08</subfield>
    <subfield code="l">0</subfield>
    <subfield code="o">330.024 HIR</subfield>
    <subfield code="p">00000012541</subfield>
    <subfield code="v">463779.00</subfield>
    <subfield code="w">2025-06-10</subfield>
    <subfield code="y">BKS</subfield>
    <subfield code="1">0</subfield>
    <subfield code="2">ddc</subfield>
    <subfield code="4">0</subfield>
    <subfield code="7">0</subfield>
    <subfield code="0">0</subfield>
    <subfield code="a">CBEML</subfield>
    <subfield code="b">CBEML</subfield>
    <subfield code="c">GEN</subfield>
    <subfield code="d">2024-09-17</subfield>
    <subfield code="g">154593.00</subfield>
  </datafield>
</record>
